header

Ontologies and adaptivity in dialogue for question answering / (Record no. 84859)

MARC details
000 -LEADER
fixed length control field 01774nam a2200409 i 4500
001 - CONTROL NUMBER
control field ebr10827960
003 - CONTROL NUMBER IDENTIFIER
control field CaPaEBR
006 - FIXED-LENGTH DATA ELEMENTS--ADDITIONAL MATERIAL CHARACTERISTICS--GENERAL INFORMATION
fixed length control field m o d
007 - PHYSICAL DESCRIPTION FIXED FIELD--GENERAL INFORMATION
fixed length control field cr cn|||||||||
008 - FIXED-LENGTH DATA ELEMENTS--GENERAL INFORMATION
fixed length control field 140125t20102010gw a ob 000 0 eng d
020 ## - INTERNATIONAL STANDARD BOOK NUMBER
Cancelled/invalid ISBN 9781607500544
International Standard Book Number 9781614993384 (e-book)
040 ## - CATALOGING SOURCE
Original cataloging agency CaPaEBR
Language of cataloging eng
Description conventions rda
-- pn
Transcribing agency CaPaEBR
035 ## - SYSTEM CONTROL NUMBER
System control number (OCoLC)872633992
050 14 - LIBRARY OF CONGRESS CALL NUMBER
Classification number TK5105.88815
Item number .S56 2010eb
082 04 - DEWEY DECIMAL CLASSIFICATION NUMBER
Classification number 025.04
Edition number 23
100 1# - MAIN ENTRY--PERSONAL NAME
Personal name Sonntag, Daniel.
245 10 - TITLE STATEMENT
Title Ontologies and adaptivity in dialogue for question answering /
Statement of responsibility, etc Daniel Sonntag.
264 #1 - PRODUCTION, PUBLICATION, DISTRIBUTION, MANUFACTURE, AND COPYRIGHT NOTICE
Place of production, publication, distribution, manufacture Heidelberg, Germany :
Name of producer, publisher, distributor, manufacturer IOS Press :
-- AKA,
Date of production, publication, distribution, manufacture, or copyright notice 2010.
Date of production, publication, distribution, manufacture, or copyright notice �2010
300 ## - PHYSICAL DESCRIPTION
Extent 1 online resource (422 pages) :
Other physical details illustrations, (some color).
336 ## - CONTENT TYPE
Content type term text
Source rdacontent
337 ## - MEDIA TYPE
Media type term computer
Source rdamedia
338 ## - CARRIER TYPE
Carrier type term online resource
Source rdacarrier
490 1# - SERIES STATEMENT
Series statement Studies on the Semantic Web,
International Standard Serial Number 1868-1158 ;
Volume number/sequential designation Volume 004
504 ## - BIBLIOGRAPHY, ETC. NOTE
Bibliography, etc Includes bibliographical references.
588 ## - SOURCE OF DESCRIPTION NOTE
Source of description note Description based on print version record.
590 ## - LOCAL NOTE (RLIN)
Local note Electronic reproduction. Palo Alto, Calif. : ebrary, 2014. Available via World Wide Web. Access may be limited to ebrary affiliated libraries.
650 #0 - SUBJECT ADDED ENTRY--TOPICAL TERM
Topical term or geographic name as entry element Semantic Web.
Topical term or geographic name as entry element Dialogue analysis.
Topical term or geographic name as entry element Ontology.
655 #0 - INDEX TERM--GENRE/FORM
Genre/form data or focus term Electronic books.
776 08 - ADDITIONAL PHYSICAL FORM ENTRY
Display text Print version:
Main entry heading Sonntag, Daniel.
Title Ontologies and adaptivity in dialogue for question answering.
Place, publisher, and date of publication Heidelberg, Germany : IOS Press : AKA, c2010
Physical description xi, 410 pages
Series data for related item Studies on the Semantic Web ; Volume 004.
International Standard Serial Number 1868-1158
International Standard Book Number 9781607500544
Record control number 2010293759
797 2# - LOCAL ADDED ENTRY--CORPORATE NAME (RLIN)
Corporate name or jurisdiction name as entry element ebrary.
830 #0 - SERIES ADDED ENTRY--UNIFORM TITLE
Uniform title Studies on the Semantic Web ;
Volume number/sequential designation v. 4.
856 40 - ELECTRONIC LOCATION AND ACCESS
Uniform Resource Identifier <a href="http://site.ebrary.com/lib/rucke/Doc?id=10827960">http://site.ebrary.com/lib/rucke/Doc?id=10827960</a>
Public note An electronic book accessible through the World Wide Web; click to view

No items available.

© 2026 Rongo University
Contact us: librarian | system librarian | Rongo university